| 000 | 00000nam##2200000za#4500 |
| 001 | 9.558713 |
| 003 | CaOODSP |
| 005 | 20230131161132 |
| 007 | cr ||||||||||| |
| 008 | 150406|2003||||xxc|||||o f|0| 0 eng|d |
| 020 | |a0-662-35592-X |
| 040 | |aCaOODSP|beng |
| 043 | |an-cn--- |
| 086 | 1 |aM44-2003/A13E-PDF |
| 110 | 2 |aGeological Survey of Canada. |
| 245 | 10|aRecent results and activities of the Integrated Petroleum Resource Potential and Geoscience Studies of the Bowser and Sustut Basins Project, British Columbia / |h[electronic resource]|c[by] C.A. Evenchick, F. Ferri, P.S. Mustard, M. McMechan, K.G. Osadetz, L. Stasiuk, N.S.F. Wilson, R.J. Enkin, T. Hadlari, and V.J. McNicoll. |
| 260 | |aOttawa - Ontario : |bNatural Resources Canada. |c2003. |
| 300 | |a13p.|bcoloured maps, graphs, references, photographs |
| 490 | 1 |aCurrent research 2003|v2003-A13 |
| 546 | |a(Résumé en français.) |
| 590 | |a14-04-Supp|b2014-02-05 |
| 690 | 07|aPetroleum|2gcpds |
| 830 | #0|aCurrent research (Geological Survey of Canada)|v2003-A13|w(CaOODSP)9.506236 |
| 856 | 40|ahttp://publications.gc.ca|qPDF|s2.85 MB|uhttps://publications.gc.ca/collections/collection_2013/rncan-nrcan/M44-2003-A13-eng.pdf|y2003-A13 |